Normal view
MARC view
- AFZA KAZMI
Entry Personal Name
001 - CONTROL NUMBER
- control field: 70123
003 - CONTROL NUMBER IDENTIFIER
- control field: NUST
005 - DATE AND TIME OF LATEST TRANSACTION
- control field: 20210628204358.0
008 - FIXED-LENGTH DATA ELEMENTS
- fixed length control field: 210628|| aca||aabn | a|a d
040 ## - CATALOGING SOURCE
- Original cataloging agency: NUST
- Transcribing agency: NUST
100 ## - HEADING--PERSONAL NAME
- Personal name: AFZA KAZMI
670 ## - SOURCE DATA FOUND
- Source citation: Work cat.: (NUST): AFZA KAZMI , TH-SOF-1262-Model Driven Architecture for Decentralized Software Defined VANET's, 2016
